000 00470cam a22001217a 4500
008 180718b1982 xxu||||| |||| 00| 0 eng d
082 _aA81x54 In2/81/16/Pap1/1982
100 _aCensus of India 1981
245 _aOrissa: final population totals (total population, scheduled caste population and scheduled tribe population)
260 _aDelhi
_bThe Controller of Publications
_c1982
300 _a42+p.
440 _aCensus of India 1981. Series-16, Orissa. Paper-1 of 1982
999 _c483177
_d483177